000 00287nam a22001337a 4500
008 170531b xxu||||| |||| 00| 0 eng d
020 _a9780393911916
041 _aeng
080 _a94(7/8)
100 _a17
101 _aSHH
245 _aGIVE ME LIBERTY
_cFONER, E
942 _2udc
_cBK
999 _c15114
_d15114